000 00426pab a2200145 454500
008 180718b1990 xxu||||| |||| 00| 0 eng d
100 _aDuerst - Lahti, Georia
245 _aBut women play the game too
_bCommunication control and influence in administrative decision making
260 _c1990
300 _a182-205
362 _aAug.
650 _aWomen as Executives
773 _aAdministration & Society
909 _a21271
999 _c21271
_d21271